| 000 | 03375cas a2200697 a 4500 | ||
|---|---|---|---|
| 001 | 11300435 | ||
| 003 | OSt | ||
| 005 | 20230619134118.0 | ||
| 008 | 791106d19532002nyu x s i0 a0eng c | ||
| 010 |
_a 85645317 _z 2002278305 |
||
| 016 | 7 |
_a23470020R _2DNLM |
|
| 016 | 7 |
_aSR0023999 _2DNLM |
|
| 016 | _a(AMICUS)000005579989 | ||
| 022 |
_a0251-7604 _l0251-7604 _20 |
||
| 035 | _a(OCoLC)ocm05655827 | ||
| 037 | _bUnited Nations, Sales Section, New York, NY | ||
| 040 |
_aMDB _beng _cMDB _dNYG _dMUL _dOCL _dAIP _dDLC _dOCL _dNST _dHUL _dNST _dNSD _dOCL _dNST _dFUG _dHVL _dSYS _dNLM _dOCLCQ _dDLC _dNLGGC _dCUV _dOCLCQ _dNLM _dOCLCA _dOCLCQ _dOCLCO _dOCLCQ _dOCLCA _dOCLCF _dOCLCO _dOCLCQ _dNLC _dOCLCQ _dGILDS _dOCLCO _dOCLCA _dIL4J6 |
||
| 042 |
_apcc _ansdp |
||
| 050 | 0 | 0 |
_aHB848 _b.P619 |
| 060 | 0 | 0 |
_aW2 MU5 _bD3p |
| 082 | 0 | 4 |
_a304.6/05 _219 _bUN |
| 210 | 0 | _aPopul. bull. U.N. | |
| 222 | 0 | _aPopulation bulletin of the United Nations | |
| 245 | 0 | 0 | _aPopulation bulletin of the United Nations. |
| 260 |
_aNew York : _bUnited Nations, _c1953- |
||
| 300 |
_avolumes ; _c28 cm |
||
| 310 | _aIrregular | ||
| 336 |
_atext _btxt _2rdacontent |
||
| 337 |
_aunmediated _bn _2rdamedia |
||
| 338 |
_avolume _bnc _2rdacarrier |
||
| 362 | 0 | _aNo. 3 (Oct. 1953)- | |
| 362 | 1 | _aCeased with Special issue no. 48/49 (2002). | |
| 500 | _aST/SOA/Ser. N and ST/ESA/Ser. N. | ||
| 500 | _aSome vols., called Special issue, also have a distinctive title. | ||
| 515 | _aIssued with United Nations publications sales numbers. | ||
| 515 | _aSome issues combined. | ||
| 550 | _aIssued by: Dept. of Social Affairs, Population Division, 1953-1954; Dept. of Economic and Social Affairs, 1956-1977; Dept. of International Economic and Social Affairs, 1978-<1984>; Dept. for Economic and Social Information and Policy Analysis, Population Division, -1995; Dept. of Economic and Social Affairs, Population Division, 1999- | ||
| 588 | _aLatest issue consulted: Special issue no. 44/45, published in 2002. | ||
| 590 | _aSERBIB/SERLOC merged record | ||
| 650 | 0 |
_aPopulation _vPeriodicals. |
|
| 650 | 1 | 2 | _aPopulation. |
| 650 | 7 |
_aPopulation. _2fast _0(OCoLC)fst01071476 |
|
| 650 | 1 | 7 |
_aBevolkingsstatistiek. _2gtt |
| 650 | 7 |
_aPopulation _vPeriodicals. _2nli |
|
| 650 | 7 |
_aDemography _vPeriodicals. _2nli |
|
| 655 | 7 |
_aPeriodicals. _2fast _0(OCoLC)fst01411641 |
|
| 655 | 7 |
_aPeriodicals. _2lcgft |
|
| 710 | 2 |
_aUnited Nations. _bDepartment of Economic and Social Affairs. _bPopulation Division. |
|
| 710 | 2 |
_aUnited Nations. _bDepartment for Economic and Social Information and Policy Analysis. _bPopulation Division. |
|
| 710 | 2 |
_aUnited Nations. _bDepartment of International Economic and Social Affairs. |
|
| 710 | 2 |
_aUnited Nations. _bDepartment of Economic and Social Affairs. |
|
| 710 | 2 |
_aUnited Nations. _bDepartment of Social Affairs. _bPopulation Division. |
|
| 776 | 0 | 8 |
_iOnline version: _tPopulation bulletin of the United Nations _w(OCoLC)646833848 |
| 780 | 0 | 0 |
_tPopulation bulletin _w(DLC) 59038570 _w(OCoLC)5982271 |
| 906 |
_a7 _bcbc _cserials _d2 _encip _f19 _gn-oclcserc |
||
| 942 |
_2ddc _cBK |
||
| 999 |
_c1309 _d1309 |
||